Photo Quiz: 1970's Bands, Singers & Musicians - Statistics

General Stats
  • This quiz has been taken 860 times
  • The average score is 5 of 20
Answer Stats
Picture Hint Answer % Correct
1 John Lennon
99%
6 Olivia Newton-John
60%
5 Joni Mitchell
52%
9 Bay City Rollers
37%
3 James Taylor
35%
13 Janis Ian
33%
17 The Ramones
33%
15 Lou Reed
31%
4 Al Green
25%
19 The Jam
23%
7 Minnie Riperton
19%
11 Three Degrees
19%
20 (Drummer's name) Stewart Copeland
14%
2 Harry Nilsson
13%
10 Stylistics
8%
18 The Stranglers
8%
14 (Full stage name) Captain Beefheart
7%
16 Maurice White
6%
8 Middle Of the Road
6%
12 Kiki Dee
5%
No matching quizzes found
Score Distribution
Percent of People with Each Score
Percentile by Number Answered
Your Score History
You have not taken this quiz